| 000 | 00897nam a2200253Ia 4500 | ||
|---|---|---|---|
| 003 | GCL | ||
| 008 | 140319s9999 xx 000 0 ara d | ||
| 040 |
_aGCL / _cGCL |
||
| 082 | 0 | 4 |
_a810.8 _bع م |
| 100 | 1 | _aعبدالسلام محمد هارون | |
| 245 | 1 | 0 |
_aالمصون فى الادب / _cعبدالسلام محمد هارون |
| 700 | 1 | _aالعسكرى : ابواحمد الحسن بن عبدالله بن سعيد بن اسماعيل بن زيد بن حكيم | |
| 260 |
_a[S.N] : _bمكتبة الخانجى ، _c1982 |
||
| 300 | _a287 ص | ||
| 490 | _a | ||
| 650 | 0 | 4 | _aالشعر العربى |
| 650 | 0 | 4 | _aالادب العربى |
| 650 | 0 | 4 | _aالنقد |
| 650 | 0 | 4 | _aالنثر العربى |
| 650 | 0 | 4 | _aالبلاغة العربية |
| 650 | 0 | 4 | _aتاريخ ونقد |
| 650 | 0 | 4 | _aالشعر العربى - العصر العباسى الاول |
| 942 |
_2ddc _cBK |
||
| 999 |
_c37098 _d37098 |
||